[Event "Euro Online U2300 Day 1"]
[Site "chess.com INT"]
[Date "2020.05.25"]
[Round "6"]
[White "Saveliev, Alexei"]
[Black "Simet, Martin"]
[Result "1-0"]
[WhiteTitle "IM"]
[BlackTitle "FM"]
[WhiteElo "2352"]
[BlackElo "2194"]
[WhiteFideId "24128546"]
[BlackFideId "377244"]
[EventDate "2020.05.25"]

1. e4 d6 2. d4 Nf6 3. Nc3 e5 4. dxe5 dxe5 5. Qxd8+ Kxd8 6. Bc4 Be6 7. Bxe6 fxe6
8. Be3 Bd6 9. f3 a6 10. Nh3 Nc6 11. Nf2 Ke7 12. O-O-O b5 13. Kb1 Rhb8 14. Nd3 a5
15. a4 bxa4 16. Nxa4 Nb4 17. c3 Nxd3 18. Rxd3 Nd7 19. Rhd1 Rb3 20. Kc2 Rab8 21.
c4 Rxd3 22. Rxd3 Bb4 23. g3 h6 24. h4 Be1 25. Rd1 Bxg3 26. Rg1 Bf4 27. Bxf4 exf4
28. Rxg7+ Kd6 29. Nc3 c6 30. e5+ Kxe5 31. Rxd7 Rg8 32. Ne4 Rg2+ 33. Rd2 Rg1 34.
Nf2 Rg3 35. Ng4+ Kf5 36. Nxh6+ Kg6 37. Ng4 Kh5 38. Ne5 Kxh4 39. Nxc6 Rxf3 40.
Nxa5 Kg3 41. c5 Rf2 42. Nc4 f3 43. Rxf2 Kxf2 44. c6 Ke2 45. c7 f2 46. Nd2 e5 47.
c8=Q e4 48. Qh3 e3 49. Qf1# 1-0

[Event "Euro Online U2300 Day 1"]
[Site "chess.com INT"]
[Date "2020.05.25"]
[Round "6"]
[White "Czernek, Tymon"]
[Black "Brondt, Nicolai Kvist"]
[Result "0-1"]
[BlackTitle "FM"]
[WhiteElo "2199"]
[BlackElo "2223"]
[WhiteFideId "1199510"]
[BlackFideId "1413848"]
[EventDate "2020.05.25"]

1. e4 c5 2. Nf3 e6 3. d4 cxd4 4. Nxd4 Nc6 5. Nc3 Qc7 6. f4 a6 7. Be3 b5 8. Bd3
Bb7 9. O-O Nf6 10. Kh1 Nxd4 11. Bxd4 Bc5 12. Bxc5 Qxc5 13. f5 b4 14. Na4 Qc6 15.
c3 Nxe4 16. Bxe4 Qxe4 17. Rf2 Bc6 18. fxe6 dxe6 19. Nc5 Qd5 20. cxb4 O-O 21. Rd2
Qg5 22. Qe2 a5 23. Rad1 axb4 24. Qc4 Rad8 25. Nd3 Rd6 26. Nf4 Bxg2+ 27. Nxg2
Rxd2 28. Rg1 Qd5 29. Qxb4 Rc8 30. h3 g6 31. a4 Rcc2 32. Qb8+ Kg7 33. Qg3 Rxb2
34. h4 h5 35. a5 Qxa5 36. Nf4 Qa8+ 37. Ng2 Rxg2 38. Rxg2 Rxg2 39. Qxg2 Qxg2+ 40.
Kxg2 f6 41. Kf3 g5 42. Ke4 Kg6 43. Kf3 gxh4 44. Ke4 Kg5 45. Kf3 f5 46. Kg2 e5
47. Kh2 Kg4 48. Kg2 h3+ 49. Kf2 f4 50. Kg1 e4 0-1

[Event "Euro Online U2300 Day 1"]
[Site "chess.com INT"]
[Date "2020.05.25"]
[Round "6"]
[White "Gottstein, Claudius-Thomas"]
[Black "Budakova, Taulant"]
[Result "1/2-1/2"]
[WhiteElo "2113"]
[BlackElo "2060"]
[WhiteFideId "4653327"]
[BlackFideId "4702204"]
[EventDate "2020.05.25"]

1. e4 e5 2. Nc3 Nf6 3. f4 d5 4. fxe5 Nxe4 5. Qf3 Nc6 6. Bb5 Nxc3 7. dxc3 Be7 8.
Bf4 a6 9. Bxc6+ bxc6 10. Ne2 Bf5 11. Nd4 Qd7 12. Nxf5 Qxf5 13. O-O-O O-O 14.
Rhf1 Bg5 15. Bxg5 Qxg5+ 16. Qf4 Qxf4+ 17. Rxf4 Rfe8 18. Re1 Re6 19. c4 f6 20.
cxd5 cxd5 21. Rf5 Rae8 22. Rd1 Rxe5 23. Rxd5 Re1+ 24. Rd1 R1e2 25. Rd2 Re1+ 26.
Rd1 R1e2 27. Rd2 Re1+ 28. Rd1 1/2-1/2

[Event "Euro Online U2300 Day 1"]
[Site "chess.com INT"]
[Date "2020.05.25"]
[Round "6"]
[White "Malovanyi, Yulian"]
[Black "Heinmets, Tonu"]
[Result "0-1"]
[WhiteTitle "FM"]
[WhiteElo "2311"]
[BlackElo "1886"]
[WhiteFideId "14171198"]
[BlackFideId "4500962"]
[EventDate "2020.05.25"]

1. e4 d6 2. d4 Nf6 3. Nc3 Nbd7 4. g3 e5 5. Nge2 Be7 6. Bg2 O-O 7. O-O c6 8. h3
a6 9. a4 a5 10. Be3 Qc7 11. g4 Re8 12. Ng3 Nf8 13. Qd2 Ng6 14. Nf5 Bf8 15. Rad1
Be6 16. Qe2 d5 17. g5 Nxe4 18. Nxe4 Bxf5 19. Ng3 Nh4 20. Nxf5 Nxf5 21. Qg4 g6
22. dxe5 Nxe3 23. fxe3 Qxe5 24. Rf3 Bc5 25. Rdf1 Re7 26. Kh1 Bd6 27. Kg1 Rae8
28. h4 Qh2+ 29. Kf2 Bc5 30. Rh1 Qe5 31. Rhh3 Qxb2 32. h5 Qxc2+ 33. Kg1 Rxe3 34.
Rxe3 Rxe3 35. Rxe3 Bxe3+ 36. Kh2 Qf5 37. Qe2 Qf4+ 38. Kh1 Qh4+ 39. Bh3 0-1

[Event "Euro Online U2300 Day 1"]
[Site "chess.com INT"]
[Date "2020.05.25"]
[Round "6"]
[White "Pogorelov, Igor"]
[Black "Horak, Jiri1"]
[Result "1-0"]
[WhiteElo "2129"]
[BlackElo "2176"]
[WhiteFideId "14113279"]
[BlackFideId "303330"]
[EventDate "2020.05.25"]

1. e4 e5 2. Nf3 Nc6 3. Bb5 Nf6 4. O-O d6 5. d4 exd4 6. e5 dxe5 7. Nxe5 Bd7 8.
Bxc6 Bxc6 9. Re1 Be7 10. Nxc6 bxc6 11. Qf3 Qd5 12. Qg3 Kf8 13. Qxc7 Re8 14. Bf4
Qd7 15. Qa5 Nd5 16. Bd2 h5 17. c4 Nf6 18. Na3 h4 19. h3 Rh5 20. c5 Rxc5 21. Qa4
Rd5 22. Nc4 c5 23. Qb3 d3 24. Re3 Qf5 25. Rae1 g6 26. Qa4 Rd4 27. b3 Qd7 28. Qa6
Nd5 29. Rf3 Kg7 30. Rxf7+ Kxf7 31. Ne5+ 1-0

[Event "Euro Online U2300 Day 1"]
[Site "chess.com INT"]
[Date "2020.05.25"]
[Round "6"]
[White "Druzhinina, Olga"]
[Black "Popov, Maksim"]
[Result "0-1"]
[WhiteElo "2245"]
[BlackElo "2094"]
[WhiteFideId "4141911"]
[BlackFideId "54123968"]
[EventDate "2020.05.25"]

1. e4 e6 2. d4 d5 3. Nd2 Be7 4. Ngf3 Nf6 5. e5 Nfd7 6. c3 c5 7. Bd3 b6 8. O-O a5
9. Re1 Ba6 10. Nf1 b5 11. a4 b4 12. Ne3 Nc6 13. Bb5 Qb6 14. Bxa6 Qxa6 15. Nc2
O-O 16. Bg5 Bxg5 17. Nxg5 h6 18. Nh3 Rab8 19. Nf4 bxc3 20. bxc3 Qc4 21. Re3 cxd4
22. cxd4 Rb2 23. Na3 Qxd4 24. Nd3 Rd2 25. Qb1 Ndxe5 26. Nb5 Qh4 27. Qc1 Rxd3 28.
Rxd3 Nxd3 29. Qxc6 Qxf2+ 30. Kh1 Qe3 31. h3 Nf2+ 32. Kh2 d4 33. Rg1 d3 34. Nc3
d2 35. Nd1 Nxd1 36. Rxd1 Qe5+ 0-1

[Event "Euro Online U2300 Day 1"]
[Site "chess.com INT"]
[Date "2020.05.25"]
[Round "6"]
[White "Marchesich, Giovanni"]
[Black "Nur-Mukhametova, Alisa"]
[Result "1-0"]
[WhiteElo "2046"]
[BlackElo "2262"]
[WhiteFideId "2824790"]
[BlackFideId "54117739"]
[EventDate "2020.05.25"]

1. e4 e6 2. d4 d5 3. Nc3 Bb4 4. e5 c5 5. a3 Bxc3+ 6. bxc3 Ne7 7. Qg4 O-O 8. Bd3
f5 9. exf6 Rxf6 10. Bg5 Rf7 11. Qh5 g6 12. Qd1 Nbc6 13. Nf3 Qa5 14. Bd2 c4 15.
Be2 Nf5 16. h4 Nd6 17. Ng5 Rf8 18. h5 e5 19. hxg6 hxg6 20. Bh5 Bf5 21. g4 Be4
22. Nxe4 Nxe4 23. Bxg6 Nxf2 24. Qb1 Qb6 25. Qxb6 axb6 26. Rh5 Kg7 27. Bf5 Ne4
28. Bh6+ Kf6 29. Bxf8 Rxf8 30. Bxe4 dxe4 31. Rf5+ Ke7 32. Rxf8 Kxf8 33. d5 Ne7
34. d6 Ng6 35. Rb1 Ke8 36. Rxb6 Kd7 37. Rxb7+ Kc6 38. d7 1-0

[Event "Euro Online U2300 Day 1"]
[Site "chess.com INT"]
[Date "2020.05.25"]
[Round "6"]
[White "Kocheev, Aleksandr"]
[Black "Florescu, Codrut-Constantin"]
[Result "1/2-1/2"]
[BlackTitle "IM"]
[WhiteElo "2315"]
[BlackElo "2293"]
[WhiteFideId "13507842"]
[BlackFideId "1202200"]
[EventDate "2020.05.25"]

1. e4 c5 2. Nf3 e6 3. c3 Nf6 4. e5 Nd5 5. d4 cxd4 6. cxd4 d6 7. Bc4 Nc6 8. O-O
Be7 9. Qe2 O-O 10. Nc3 Nxc3 11. bxc3 dxe5 12. dxe5 Qc7 13. Bd3 Rd8 14. h4 g6 15.
Bf4 b6 16. Rfe1 Bb7 17. h5 Na5 18. Rac1 Bd5 19. c4 Bc6 20. Ng5 Nb7 21. Nxh7 Rxd3
22. hxg6 fxg6 23. Qxd3 Kxh7 24. Qh3+ Kg8 25. Qxe6+ Kg7 26. Qf6+ Bxf6 27. exf6+
Kxf6 28. Bxc7 Nc5 29. Rcd1 Ba4 30. Rd4 Ne6 31. Be5+ Kf7 32. Rh4 g5 33. Rh6 Rc8
34. Ba1 Rc6 35. g4 Bc2 36. Kh2 Bg6 37. f3 Nf4 38. Rh8 Rxc4 39. Rhe8 Rc2+ 40. Kh1
Nd5 41. R8e5 Rd2 42. Rxg5 Bc2 43. Rg7+ Kf8 44. Rxa7 Bd1 45. Ra3 b5 46. Be5 b4
47. Rae3 Nxe3 48. Rxe3 Rxa2 49. Bd6+ Kf7 50. Bxb4 Rf2 51. Kg1 Rxf3 52. Re4 Rg3+
53. Kf2 Rxg4 54. Rxg4 Bxg4 1/2-1/2

[Event "Euro Online U2300 Day 1"]
[Site "chess.com INT"]
[Date "2020.05.25"]
[Round "6"]
[White "Toure, Vasanth"]
[Black "Timoshin, Andrei"]
[Result "1-0"]
[WhiteElo "2132"]
[BlackElo "2132"]
[WhiteFideId "26014580"]
[BlackFideId "4503503"]
[EventDate "2020.05.25"]

1. e4 c5 2. Nf3 Nc6 3. Bb5 g6 4. O-O Bg7 5. Re1 Nf6 6. c3 O-O 7. d4 cxd4 8. cxd4
d5 9. e5 Ne4 10. Nc3 Nxc3 11. bxc3 Bd7 12. a4 a6 13. Bxc6 Bxc6 14. e6 f6 15. Ba3
Re8 16. Bb4 a5 17. Ba3 Rc8 18. Rb1 Bh6 19. Bc5 Ra8 20. Qc2 Bf4 21. h4 Bd6 22.
Bb6 Bc7 23. Bxc7 Qxc7 24. h5 Kg7 25. g3 f5 26. Ne5 Rf8 27. Kg2 Rf6 28. hxg6 hxg6
29. Rh1 Rxe6 30. Qd2 Rxe5 31. Qh6+ Kf6 32. dxe5+ Qxe5 33. Rbe1 Qd6 34. Qh4+ Kf7
35. Qh7+ Kf6 36. Rh6 Be8 37. Qh8+ Kg5 38. f4+ Kg4 39. Rh4# 1-0

[Event "Euro Online U2300 Day 1"]
[Site "chess.com INT"]
[Date "2020.05.25"]
[Round "6"]
[White "Kaliszuk, Kamil"]
[Black "Florez Rodriguez, Diego"]
[Result "1/2-1/2"]
[WhiteElo "1930"]
[BlackElo "2110"]
[WhiteFideId "21870160"]
[BlackFideId "2291576"]
[EventDate "2020.05.25"]

1. e4 e6 2. d4 d5 3. Nd2 dxe4 4. Nxe4 Bd7 5. Nf3 Bc6 6. Bd3 Nd7 7. O-O Ngf6 8.
Ng3 Be7 9. b3 O-O 10. c4 Bxf3 11. Qxf3 c6 12. Bb2 Qa5 13. a3 Rfe8 14. b4 Qc7 15.
Rac1 a5 16. d5 exd5 17. cxd5 axb4 18. dxc6 bxc6 19. axb4 Ne5 20. Bxe5 Qxe5 21.
Rfe1 Qd5 22. Qxd5 Nxd5 23. b5 Nf4 24. Bc4 cxb5 25. Bxb5 Reb8 26. Bc6 Ra7 27. Rb1
Rxb1 28. Rxb1 g6 29. h3 Kg7 30. Rb7 Rxb7 1/2-1/2

[Event "Euro Online U2300 Day 1"]
[Site "chess.com INT"]
[Date "2020.05.25"]
[Round "6"]
[White "Van Vliet, Dennis"]
[Black "Ivanisvili, Andrejs"]
[Result "0-1"]
[WhiteElo "2072"]
[BlackElo "2233"]
[WhiteFideId "209740"]
[BlackFideId "11601485"]
[EventDate "2020.05.25"]

1. d4 d5 2. c4 c6 3. cxd5 cxd5 4. Nc3 Nc6 5. Bf4 a6 6. e3 Nf6 7. Bd3 e6 8. Rc1
Bd6 9. Bxd6 Qxd6 10. f4 b5 11. Nf3 Bb7 12. Ne5 Ne7 13. Qf3 Rc8 14. O-O O-O 15.
g4 b4 16. g5 Nd7 17. Na4 Bc6 18. Nc5 Nxc5 19. dxc5 Qc7 20. Bxh7+ Kxh7 21. Qh5+
Kg8 22. Rf3 Ng6 23. Rh3 Rfd8 24. Qh7+ Kf8 25. Nxg6+ fxg6 26. Qxg6 Qf7 27. Qd3
Qf5 28. Qxa6 Qxh3 29. g6 d4 30. Rf1 Qg2# 0-1

[Event "Euro Online U2300 Day 1"]
[Site "chess.com INT"]
[Date "2020.05.25"]
[Round "6"]
[White "Korbal, Arkadiusz"]
[Black "Gorodetzky, Matan"]
[Result "0-1"]
[BlackTitle "FM"]
[WhiteElo "2113"]
[BlackElo "2284"]
[WhiteFideId "1133837"]
[BlackFideId "2813394"]
[EventDate "2020.05.25"]

1. d4 d5 2. c4 e6 3. Nf3 c5 4. cxd5 exd5 5. Nc3 Nc6 6. g3 Nf6 7. Bg2 cxd4 8.
Nxd4 Bc5 9. Nxc6 bxc6 10. O-O O-O 11. Na4 Bb6 12. Qc2 Bd7 13. Bf4 Re8 14. e3 Ne4
15. Bxe4 Rxe4 16. Nxb6 axb6 17. f3 Rc4 18. Qb3 Qe7 19. h4 h6 20. Rfe1 g5 21.
hxg5 hxg5 22. Bc7 b5 23. Bb6 c5 24. e4 Qd6 25. e5 Qxb6 26. e6 Bxe6 27. Re5 f6
28. Qd3 fxe5 29. Qg6+ Kf8 30. Qf6+ Ke8 31. Qh8+ Kd7 32. Qxa8 Rc2 33. Re1 c4+ 34.
Kh1 Bf7 35. Qh8 Qf2 36. Qh3+ Be6 37. Qh7+ Kc6 38. Qxc2 Qxc2 39. Rxe5 Qb1+ 40.
Kh2 Qxb2+ 41. Kg1 Qxe5 0-1

[Event "Euro Online U2300 Day 1"]
[Site "chess.com INT"]
[Date "2020.05.25"]
[Round "6"]
[White "Kucera, Jiri"]
[Black "Thanke, Bror"]
[Result "0-1"]
[WhiteElo "2019"]
[BlackElo "2164"]
[WhiteFideId "309494"]
[BlackFideId "1502360"]
[EventDate "2020.05.25"]

1. e4 c5 2. Nc3 e6 3. g3 Qc7 4. Bg2 a6 5. a4 Be7 6. Nge2 d6 7. O-O Nf6 8. d3 Nc6
9. f4 O-O 10. Kh1 Rb8 11. Be3 b5 12. axb5 axb5 13. Qd2 b4 14. Nd1 Bb7 15. Nf2
Rfd8 16. g4 e5 17. g5 Nh5 18. f5 Nd4 19. Bxd4 cxd4 20. Bf3 Nf4 21. Nxf4 exf4 22.
Qxf4 Qxc2 23. f6 Bf8 24. fxg7 Bxg7 25. Rac1 Qxb2 26. Rc7 Rf8 27. Bh5 Qb3 28.
Qxd6 Bc8 29. Ra7 Be6 30. h4 Rbd8 31. Qf4 Qc3 32. Ng4 Qxd3 33. Nh6+ Kh8 34. Nxf7+
Bxf7 35. Rxf7 Rxf7 36. Bxf7 Rf8 37. e5 Qh3+ 38. Kg1 Qe3+ 39. Kh1 Bxe5 0-1

[Event "Euro Online U2300 Day 1"]
[Site "chess.com INT"]
[Date "2020.05.25"]
[Round "6"]
[White "Babiy, Olga"]
[Black "Bashirli, Nail"]
[Result "1-0"]
[WhiteTitle "WGM"]
[BlackTitle "IM"]
[WhiteElo "2228"]
[BlackElo "2382"]
[WhiteFideId "14117258"]
[BlackFideId "13406809"]
[EventDate "2020.05.25"]

1. e4 Nf6 2. e5 Nd5 3. d4 d6 4. Nf3 g6 5. Bc4 Nb6 6. Bb3 Bg7 7. Ng5 e6 8. Qf3
Qe7 9. Ne4 dxe5 10. Bg5 Qb4+ 11. c3 Qa5 12. Bf6 Bxf6 13. Nxf6+ Ke7 14. O-O exd4
15. Ne4 Qf5 16. Qe2 Nc6 17. g4 Qf4 18. Nbd2 d3 19. Qxd3 Ne5 20. Qd4 Rd8 21. Qb4+
Rd6 22. Nxd6 Qxb4 23. Nxc8+ Rxc8 24. cxb4 Nxg4 25. Ne4 Nd5 26. h3 Ne5 27. Bxd5
exd5 28. Nc5 b6 29. Rae1 Kd6 30. Nb7+ Kc6 31. Rxe5 Kxb7 32. Rxd5 1-0

[Event "Euro Online U2300 Day 1"]
[Site "chess.com INT"]
[Date "2020.05.25"]
[Round "6"]
[White "Sernecki, Franciszek"]
[Black "Ghukasyan, Siranush"]
[Result "1-0"]
[WhiteTitle "FM"]
[BlackTitle "WIM"]
[WhiteElo "2243"]
[BlackElo "2222"]
[WhiteFideId "1169297"]
[BlackFideId "13300946"]
[EventDate "2020.05.25"]

1. d4 d5 2. c4 c6 3. Nc3 Nf6 4. e3 e6 5. Nf3 Nbd7 6. Bd3 dxc4 7. Bxc4 b5 8. Bb3
Bd6 9. O-O O-O 10. e4 e5 11. d5 cxd5 12. Nxb5 Nb6 13. Nxd6 Qxd6 14. exd5 Nbxd5
15. Bg5 Bb7 16. Bxf6 Qxf6 17. Bxd5 Rad8 18. Bxb7 Rxd1 19. Raxd1 Qb6 20. Rd7 Qxb2
21. Bd5 h6 22. Rxa7 g6 23. Re7 Qb5 24. Bb3 Kg7 25. Nxe5 Qb4 26. Rxf7+ Rxf7 27.
Nxf7 Kf6 28. Nxh6 Qh4 29. Nf7 Kg7 30. Rd1 Qb4 31. h3 Kf6 32. Nd6 Qa3 33. Nc4 Qb4
34. Ne3 Kg7 35. Bc4 Qa4 36. Bb3 Qa3 37. Ng4 g5 38. Rd7+ Kg6 39. Bc2+ Kh5 40.
Rh7# 1-0

[Event "Euro Online U2300 Day 1"]
[Site "chess.com INT"]
[Date "2020.05.25"]
[Round "6"]
[White "Pavlidis, Anastasios"]
[Black "Mishin, Alexei"]
[Result "0-1"]
[WhiteTitle "IM"]
[WhiteElo "2333"]
[BlackElo "2206"]
[WhiteFideId "4208404"]
[BlackFideId "4157940"]
[EventDate "2020.05.25"]

1. d4 d6 2. e4 Nf6 3. Nc3 c6 4. Nf3 b5 5. a3 a5 6. Bd3 Na6 7. O-O b4 8. axb4
Nxb4 9. Bc4 d5 10. exd5 cxd5 11. Bb5+ Bd7 12. Bf4 e6 13. Ne5 Bxb5 14. Nxb5 Be7
15. c3 Qb6 16. Qa4 O-O 17. cxb4 Bxb4 18. Nc3 Qxd4 19. Bg3 Bxc3 20. bxc3 Qxc3 21.
Nc6 h6 22. Be5 Qd3 23. Qf4 Ne4 24. Rfd1 Qe2 25. Re1 Qh5 26. Re3 f6 27. Bd6 Rfe8
28. f3 e5 29. Qg4 Qxg4 30. fxg4 Nxd6 31. Rxa5 Rxa5 32. Nxa5 Nc4 33. Nxc4 dxc4
34. Rc3 Rc8 35. Kf2 Kf7 36. Ke3 Ke6 37. Ke4 g6 38. h3 f5+ 39. Ke3 Kd5 40. Rc1
f4+ 41. Kf3 c3 42. Rd1+ Kc4 43. Ke4 Rc5 44. Rc1 Kb3 45. Rb1+ Ka2 46. Re1 c2 47.
h4 Kb2 48. Re2 Kb1 49. g3 fxg3 50. h5 gxh5 51. g5 hxg5 52. Kd3 c1=Q 53. Re1 Rd5+
54. Ke2 Rd2+ 55. Kf3 Rf2+ 56. Kxg3 Qxe1 57. Kh3 Qh1+ 58. Kg3 Qh2# 0-1

[Event "Euro Online U2300 Day 1"]
[Site "chess.com INT"]
[Date "2020.05.25"]
[Round "6"]
[White "Melia, Salome"]
[Black "Yakimova, Mariya"]
[Result "0-1"]
[WhiteTitle "IM"]
[BlackTitle "WFM"]
[WhiteElo "2370"]
[BlackElo "2269"]
[WhiteFideId "13602446"]
[BlackFideId "34188859"]
[EventDate "2020.05.25"]

1. e4 c5 2. Nf3 Nc6 3. Bb5 d6 4. O-O Bd7 5. Re1 Nf6 6. c4 e5 7. Bxc6 Bxc6 8. Nc3
Be7 9. d3 O-O 10. Bg5 Nd7 11. Bxe7 Qxe7 12. Nd2 f5 13. exf5 Rxf5 14. Nf1 Raf8
15. f3 Rh5 16. Ne4 Rh6 17. Qd2 Rf4 18. Qf2 Nf6 19. Nxf6+ Qxf6 20. Nd2 Rfh4 21.
h3 Qg6 22. Kh2 Bd7 23. Qg3 Rxh3+ 24. gxh3 Rxh3+ 25. Qxh3 Bxh3 26. Kxh3 Qh6+ 27.
Kg3 Qxd2 28. b3 Kf7 29. Rh1 h6 30. Rhe1 Kf6 31. a4 g5 32. a5 h5 33. a6 h4+ 34.
Kh3 Qf2 35. Kg4 Qg3+ 36. Kh5 b6 37. Rxe5 Kxe5 0-1

[Event "Euro Online U2300 Day 1"]
[Site "chess.com INT"]
[Date "2020.05.25"]
[Round "6"]
[White "Kiremitciyan, Ari"]
[Black "Randazzo, Adrian"]
[Result "1/2-1/2"]
[WhiteTitle "FM"]
[BlackTitle "FM"]
[WhiteElo "2281"]
[BlackElo "2293"]
[WhiteFideId "6373445"]
[BlackFideId "114251"]
[EventDate "2020.05.25"]

1. d4 Nf6 2. c4 c5 3. e3 e6 4. Nf3 d5 5. Nc3 a6 6. a3 dxc4 7. Bxc4 b5 8. Bd3 Bb7
9. dxc5 Bxc5 10. O-O Nbd7 11. b4 Be7 12. Bb2 O-O 13. Qb1 Rc8 14. Rd1 Qc7 15. Ne4
h6 16. h3 1/2-1/2

[Event "Euro Online U2300 Day 1"]
[Site "chess.com INT"]
[Date "2020.05.25"]
[Round "6"]
[White "Chetina, Elizaveta"]
[Black "Kucher, Kostyantyn"]
[Result "1-0"]
[WhiteTitle "WFM"]
[WhiteElo "1906"]
[BlackElo "2006"]
[WhiteFideId "4100131"]
[BlackFideId "14195950"]
[EventDate "2020.05.25"]

1. e4 c5 2. Nf3 Nc6 3. d4 cxd4 4. Nxd4 Nf6 5. Nc3 e5 6. Ndb5 d6 7. Bg5 a6 8. Na3
b5 9. Nd5 Be7 10. Bxf6 Bxf6 11. c4 b4 12. Nc2 a5 13. Be2 O-O 14. O-O Bg5 15. Bg4
Be6 16. Nce3 Nd4 17. Nf5 Bxf5 18. exf5 g6 19. f4 Bf6 20. fxe5 dxe5 21. fxg6 fxg6
22. Qd3 Qd6 23. Qe4 Rae8 24. Kh1 Kg7 25. Rac1 Bg5 26. Rcd1 a4 27. g3 Rxf1+ 28.
Rxf1 Qc5 29. h4 Qxc4 30. Rf2 Bh6 31. Bd7 Nf5 32. Qxc4 1-0

[Event "Euro Online U2300 Day 1"]
[Site "chess.com INT"]
[Date "2020.05.25"]
[Round "6"]
[White "Luczak, Filip"]
[Black "Memeti, Kastriot"]
[Result "1-0"]
[WhiteTitle "CM"]
[WhiteElo "2240"]
[BlackElo "2129"]
[WhiteFideId "1193686"]
[BlackFideId "204390"]
[EventDate "2020.05.25"]

1. d4 d5 2. c4 e6 3. Nc3 c6 4. e4 dxe4 5. Nxe4 Bb4+ 6. Bd2 Qxd4 7. Bxb4 Qxe4+ 8.
Be2 Na6 9. Ba5 b6 10. Qd6 bxa5 11. Rd1 f6 12. f3 Qe3 13. Qxc6+ Kf7 14. Qxa8 Ne7
15. Nh3 Nc5 16. Qb8 e5 17. Qd6 Bxh3 18. gxh3 Rc8 19. Qd2 Nf5 20. Qxe3 Nxe3 21.
Rc1 Ne6 22. Kf2 Nf5 23. b3 Nfd4 24. Bd3 Nf4 25. Be4 Nxh3+ 26. Ke3 Nf4 27. Rhd1
Nfe6 28. Bd5 Ke7 29. Bxe6 Nxe6 30. Rd5 Nf4 31. Rxa5 1-0

[Event "Euro Online U2300 Day 1"]
[Site "chess.com INT"]
[Date "2020.05.25"]
[Round "6"]
[White "Rause, Olita"]
[Black "Lucchi, Lorenzo"]
[Result "0-1"]
[WhiteTitle "IM"]
[WhiteElo "2192"]
[BlackElo "2111"]
[WhiteFideId "11600250"]
[BlackFideId "821160"]
[EventDate "2020.05.25"]

1. e4 c5 2. c3 Nf6 3. e5 Nd5 4. d4 cxd4 5. Nf3 Nc6 6. cxd4 d6 7. exd6 Qxd6 8.
Nc3 Bg4 9. Be2 g6 10. h3 Bxf3 11. Bxf3 Qe6+ 12. Kf1 Nxc3 13. bxc3 Qc4+ 14. Kg1
Qxc3 15. Be3 O-O-O 16. Rc1 Qa5 17. Qb3 e6 18. Bxc6 bxc6 19. Rxc6+ Kd7 20. Qb7+
Ke8 21. Kh2 Bd6+ 22. g3 h5 23. Bg5 Qxg5 24. Re1 h4 0-1

[Event "Euro Online U2300 Day 1"]
[Site "chess.com INT"]
[Date "2020.05.25"]
[Round "6"]
[White "Kett, Tim"]
[Black "Denisenko, Denis"]
[Result "1-0"]
[WhiteTitle "CM"]
[WhiteElo "2178"]
[BlackElo "2076"]
[WhiteFideId "1801210"]
[BlackFideId "4170652"]
[EventDate "2020.05.25"]

1. e4 e5 2. Nf3 Nf6 3. Nc3 Nc6 4. d4 exd4 5. Nxd4 Bb4 6. Nxc6 bxc6 7. Bd3 d5 8.
exd5 Qe7+ 9. Be3 Nxd5 10. O-O Bxc3 11. bxc3 Nxe3 12. fxe3 Qxe3+ 13. Kh1 O-O 14.
Qh5 g6 15. Qa5 Qb6 16. Qg5 c5 17. Rf6 Qb2 18. Raf1 Qxc3 19. h4 Bb7 20. h5 c4 21.
hxg6 cxd3 22. gxf7+ Kh8 23. cxd3 Rad8 24. R1f4 Rd5 25. Qg8+ Rxg8 26. fxg8=Q+
Kxg8 27. Rg4+ 1-0

[Event "Euro Online U2300 Day 1"]
[Site "chess.com INT"]
[Date "2020.05.25"]
[Round "6"]
[White "Gago Padreny, Ignacio"]
[Black "Prinz, Hubert"]
[Result "1-0"]
[WhiteTitle "FM"]
[WhiteElo "2289"]
[BlackElo "1956"]
[WhiteFideId "2278863"]
[BlackFideId "1639447"]
[EventDate "2020.05.25"]

1. d4 Nf6 2. c4 g6 3. Nc3 d5 4. cxd5 Nxd5 5. e4 Nxc3 6. bxc3 Bg7 7. Be3 c5 8.
Rc1 cxd4 9. cxd4 O-O 10. Nf3 Nc6 11. d5 Ne5 12. Nxe5 Bxe5 13. Qd2 b6 14. f4 Bg7
15. Bb5 Bb7 16. Bc6 Rb8 17. O-O Qc7 18. e5 Bxc6 19. Rxc6 Qd7 20. Rfc1 Rfc8 21.
Qc2 Rxc6 22. dxc6 Qc7 23. Rd1 Rc8 24. Rd7 Qxc6 25. Rd8+ Rxd8 26. Qxc6 g5 27. Qc7
Rd1+ 28. Kf2 gxf4 29. Qb8+ Bf8 30. Bxf4 Kg7 31. Qxa7 e6 32. Qxb6 Rd5 33. Qb3
Bc5+ 34. Kf3 h5 35. a4 f6 36. exf6+ Kxf6 37. a5 Bd4 38. a6 Ra5 39. Qb7 Ra3+ 40.
Ke2 Ra2+ 41. Kd3 Bc5 42. Kc4 Bg1 43. Bb8 Ra4+ 44. Kb3 Ra1 45. Kc2 Ra2+ 46. Kb1
Ra4 47. a7 Bxa7 48. Bxa7 Ra5 49. Qc7 Rd5 50. Kc2 Rf5 51. Kd3 Rd5+ 52. Bd4+ Kf5
53. Qf7+ Kg5 54. Qxe6 Rf5 55. Be3+ Kg4 56. Qe4+ Rf4 57. Qxf4# 1-0

[Event "Euro Online U2300 Day 1"]
[Site "chess.com INT"]
[Date "2020.05.25"]
[Round "6"]
[White "Eren, Ataberk"]
[Black "Mikheev, Aleksey"]
[Result "1-0"]
[WhiteTitle "FM"]
[WhiteElo "2321"]
[BlackElo "2239"]
[WhiteFideId "6349765"]
[BlackFideId "24177660"]
[EventDate "2020.05.25"]

1. d4 Nf6 2. Nf3 g6 3. Bg5 Bg7 4. Nbd2 d5 5. c3 O-O 6. e3 Nbd7 7. Bd3 c6 8. O-O
Qe8 9. Re1 e5 10. dxe5 Nxe5 11. Nxe5 Qxe5 12. Bf4 Qh5 13. h3 Qxd1 14. Raxd1 Be6
15. Be5 Rfe8 16. Nf3 Nd7 17. Bxg7 Kxg7 18. a3 Rad8 19. Nd4 Nc5 20. Bc2 Bc8 21.
Nf3 Re7 22. c4 Be6 23. cxd5 Rxd5 24. Nd4 Bc8 25. b4 Ne4 26. Bb3 Rdd7 27. Rc1 Rd6
28. Red1 Rf6 29. f3 Ng3 30. Kf2 Ne4+ 31. Kg1 Ng3 32. Bc2 h5 33. h4 Bf5 34. e4
Bd7 35. Kh2 Nxe4 36. Bxe4 1-0